Länder nach Buchstabe und Kontinent - Statistiken

Allgemein
  • Dieses Quiz wurde 33.774 mal gespielt
    33.717 seit der letzten Aktualisierung
  • Das Durchschnittsergebnis liegt bei 56 aus 83
Antwortstatistiken
Hint Antwort % Korrekt
Albanien, Andorra Albanien +1
95%
Belgien, Bosnien und Herzegowina, Bulgarien, Belarus Belgien +3
93%
Ägypten, Algerien, Angola, Äquatorialguinea, Äthiopien Ägypten +4
91%
Dänemark, Deutschland Dänemark +1
89%
Estland Estland
86%
Finnland, Frankreich Finnland +1
86%
Bolivien, Brasilien Bolivien +1
84%
Afghanistan, Ägypten, Armenien, Aserbaidschan Afghanistan +3
83%
Irland, Island, Italien Irland +2
83%
Lettland, Liechtenstein, Litauen, Luxemburg Lettland +3
82%
Bahrain, Bangladesch, Bhutan, Brunei Bahrain +3
81%
Chile Chile
81%
China China
81%
Japan, Jemen, Jordanien Japan +2
81%
Indien, Indonesien, Irak, Iran, Israel Indien +4
80%
Argentinien Argentinien
79%
Australien Australien
79%
Malta, Moldau, Montenegro, Monaco Malta +3
78%
Gabun, Gambia, Ghana, Guinea, Guinea-Bissau Gabun +4
77%
Griechenland Griechenland
77%
Polen, Portugal Polen +1
77%
Benin, Botswana, Burkina Faso, Burundi Benin +3
76%
Elfenbeinküste, Eritrea, Eswatini Elfenbeinküste +2
76%
Niederlande, Nordmazedonien, Norwegen Niederlande +2
76%
San Marino, Schweden, Schweiz, Serbien, Slowakei, Slowenien, Soanien San Marino +6
76%
Kambodscha, Kasachstan, Katar, Kirgisistan, Kuwait Kambodscha +4
75%
Österreich Österreich
75%
Rumänien, Russland Rumänien +1
75%
Fidschi, Föderierte Staaten von Mikronesien Fidschi +1
74%
Haiti, Honduras Haiti +1
73%
Kanada, Kuba Kanada +1
73%
Kosovo, Kroatien Kosovo +1
73%
Madagaskar, Malawi, Mali, Marokko, Mauretanien, Mauritius, Mosambik Madagaskar +6
73%
Bahamas, Barbados, Belize Bahamas +2
71%
Dschibuti, DRK Dschibuti +1
71%
Ecuador Ecuador
71%
Kamerun, Kap Verde, Kenia, Komoren, Kamerun Kamerun +3
71%
Malaysia, Malediven, Mongolei, Myanmar Malaysia +3
70%
Namibia, Niger, Nigeria Namibia +2
70%
Kolumbien Kolumbien
69%
Oman, Osttimor Oman +1
69%
Paraguay, Peru Paraguay +1
69%
Sambia, São Tomé und Príncipe, Senegal, Seychellen, Sierra Leone, Simbabwe, Somalia, Südafrika, Sudan, Südsudan Sambia +9
69%
Jamaika Jamaika
67%
Laos, Libanon Laos +1
67%
Lesotho, Liberia, Libyen Lesotho +2
66%
Nauru, Neuseeland Nauru +1
66%
Dominica, Dominikanische Republik Dominica +1
65%
Tadschikistan, Thailand, Türkei, Turkmenistan Tadschikistan +3
65%
Ukraine, Ungarn Ukraine +1
65%
Vatikanstadt, Vereinigtes Königreich Vatikanstadt +1
65%
Grenada, Guatemala Grenada +1
64%
Ruanda, Republik Kongo Ruanda +1
64%
Saudi-Arabien, Singapur, Sri Lanka, Syrien, Südkorea Saudi-Arabien +4
64%
Nordkorea, Nepal Nepal +1
62%
Tansania, Togo, Tschad, Tunesien, Taiwan Tansania +4
62%
Costa Rica Costa Rica
60%
Antigua und Barbuda Antigua undBarbuda
59%
Georgien Georgien
59%
Guyana Guyana
59%
Mexiko Mexiko
59%
Pakistan, Philippinen Pakistan +1
58%
Uruguay Uruguay
58%
Venezuela Venezuela
57%
El Salvador El Salvador
56%
Palau, Papua-Neuguinea Palau +1
56%
Zypern Zypern
56%
Tschechien Tschechien
55%
Uganda Uganda
55%
Usbekistan Usbekistan
54%
Nicaragua Nicaragua
53%
Vereinigte Arabische Emirate, Vietnam Vietnam +1
53%
Kiribati Kiribati
50%
Panama Panama
50%
Tonga, Tuvalu Tonga +1
49%
Suriname Suriname
48%
Salomonen, Samoa Salomonen +1
46%
Vanuatu Vanuatu
46%
Marshallinseln Marshallinseln
45%
St. Kitts und Nevis, St. Lucia, St. Vincent und die Grenadinen St. Kitts und Nevis +2
44%
ZAR ZAR
44%
Trinidad und Tobago Trinidad und Tobago
41%
Vereinigte Staaten Vereinigte Staaten
40%
Keine übereinstimmenden Quizze gefunden
Verteilung der Resultate
Anzahl Personen mit jedem Resultat
Perzentil nach korrekt beantworteten Fragen
Ihre Resultats-Entwicklung
Sie haben dieses Quiz seit der letzten Aktualisierung nicht gespielt